[Event "Cappelle op 40th"]
[Site "Cappelle la Grande"]
[Date "2024.03.05"]
[Round "5"]
[White "Duboue, Peio"]
[Black "Grooten, Herman"]
[Result "1-0"]
[WhiteElo "2454"]
[BlackElo "2223"]
[PlyCount "83"]
[EventDate "2024.03.02"]
[EventType "swiss"]
[EventRounds "9"]
[EventCountry "FRA"]
[SourceTitle "CB11_2024"]
[SourceDate "2024.03.13"]
[SourceVersion "1"]
[SourceVersionDate "2024.03.13"]
[SourceQuality "1"]

1. e4 c6 2. c4 d5 3. exd5 cxd5 4. cxd5 Nf6 5. Qa4+ Nbd7 6. Nc3 g6 7. Nf3 Bg7 8. Bc4 0-0 9. d3 a6 10. Qa3 b6 11. 0-0 Bb7 12. Re1 b5 13. Bb3 Re8 14. Be3 Bf8 15. Qb4 e6 16. Qf4 Nxd5 17. Nxd5 Bxd5 18. Bxd5 exd5 19. Bd4 Rxe1+ 20. Rxe1 Qb8 21. Qxb8 Rxb8 22. Rc1 Nb6 23. Rc7 Bg7 24. Bxg7 Kxg7 25. Ng5 h6 26. Nxf7 Kf6 27. Nxh6 Ke5 28. Kf1 Kd4 29. Ke2 Na4 30. Rc6 Nxb2 31. Rxg6 Nxd3 32. Nf5+ Ke5 33. Kxd3 Kxf5 34. Rxa6 Ke5 35. g3 Rh8 36. f4+ Kf5 37. Ke3 Rc8 38. Rd6 Rc3+ 39. Kd4 Rc2 40. Rxd5+ Kg4 41. Rxb5 Rxh2 42. Rg5+ 1-0

[Event "Paris Barreau 4th"]
[Site "Paris"]
[Date "2023.09.05"]
[Round "4"]
[White "Duboue, Peio"]
[Black "Vlachos, Anatole"]
[Result "1/2-1/2"]
[WhiteElo "2462"]
[BlackElo "2430"]
[PlyCount "38"]
[EventDate "2023.09.03"]
[EventType "tourn"]
[EventRounds "9"]
[EventCountry "FRA"]
[EventCategory "4"]
[SourceTitle "EXT 2024"]
[Source "ChessBase"]
[SourceDate "2023.10.10"]
[SourceVersion "1"]
[SourceVersionDate "2023.10.10"]
[SourceQuality "1"]

1. e4 e5 2. Nf3 Nc6 3. Nc3 Nf6 4. d4 Bb4 5. Nxe5 Bxc3+ 6. bxc3 Qe7 7. f3 Nxe5 8. dxe5 Qxe5 9. Qd4 d6 10. Bd3 0-0 11. 0-0 Re8 12. Be3 b6 13. Bf2 Bb7 14. a4 a5 15. Bb5 Re7 16. Bh4 Qf4 17. Qf2 Qe5 18. Qd4 Qf4 19. Qf2 Qe5 1/2-1/2

[Event "Avoine op 37th"]
[Site "Avoine"]
[Date "2023.07.23"]
[Round "2"]
[White "Fischler, Oscar"]
[Black "Duboue, Peio"]
[Result "1/2-1/2"]
[WhiteElo "2199"]
[BlackElo "2453"]
[PlyCount "109"]
[EventDate "2023.07.22"]
[EventType "swiss"]
[EventRounds "9"]
[EventCountry "FRA"]
[SourceTitle "CBM 215 Extra"]
[Source "ChessBase"]
[SourceDate "2023.09.30"]
[SourceVersion "1"]
[SourceVersionDate "2023.09.30"]
[SourceQuality "1"]

1. d4 d5 2. c4 dxc4 3. e4 e5 4. Nf3 exd4 5. Bxc4 Nc6 6. 0-0 Be6 7. Bb5 Bc5 8. b4 Bb6 9. a4 a6 10. Bxc6+ bxc6 11. a5 Ba7 12. Bb2 Nf6 13. Bxd4 Nxe4 14. Bxa7 Qxd1 15. Rxd1 Rxa7 16. Ne5 Bd5 17. Re1 0-0 18. f3 Ng5 19. Nc3 Rb7 20. Nxd5 cxd5 21. Nc6 Ne6 22. Rad1 d4 23. Re5 Re8 24. Rxd4 g6 25. Rd7 Ra8 26. Kf2 Rb5 27. Rxb5 axb5 28. Ke3 Ra6 29. Nb8 Ra8 30. Nc6 Ra6 31. Nd4 c5 32. Nxe6 Rxe6+ 33. Kd2 cxb4 34. Rb7 Rc6 35. Rxb5 Rc3 36. h4 Ra3 37. Kc2 h5 38. Rb8+ Kg7 39. Ra8 Kf6 40. a6 Kf5 41. g3 Rxf3 42. Rf8 Ra3 43. Rxf7+ Ke6 44. Rb7 Rxa6 45. Rxb4 Ra2+ 46. Kd1 Rg2 47. Rb6+ Kf7 48. Rb7+ Kf6 49. Rb6+ Kg7 50. Rb7+ Kh6 51. Rb3 g5 52. Rb6+ Kg7 53. hxg5 Rxg3 54. Ke2 h4 55. Rh6 1/2-1/2

[Event "Paris Barreau 3rd"]
[Site "Paris"]
[Date "2022.09.15"]
[Round "6"]
[White "Fedorchuk, Sergey A"]
[Black "Duboue, Peio"]
[Result "1-0"]
[WhiteElo "2617"]
[BlackElo "2438"]
[PlyCount "81"]
[EventDate "2022.09.12"]
[EventType "tourn"]
[EventRounds "9"]
[EventCountry "FRA"]
[EventCategory "9"]
[SourceTitle "CBM 210 Extra"]
[Source "ChessBase"]
[SourceDate "2022.11.30"]
[SourceVersion "1"]
[SourceVersionDate "2022.11.30"]
[SourceQuality "1"]

1. e4 c6 2. d4 d5 3. Nd2 dxe4 4. Nxe4 Nf6 5. Nxf6+ exf6 6. Be3 Qb6 7. Qc1 Bd6 8. Bd3 0-0 9. Nf3 Bg4 10. Nd2 Re8 11. 0-0 Qc7 12. h3 Bh5 13. Nc4 Bg6 14. Nxd6 Qxd6 15. Be2 Nd7 16. c4 Rad8 17. Rd1 Be4 18. Bf1 b6 19. Bf4 Qe6 20. b4 g5 21. Bc7 Rc8 22. Bg3 h5 23. f3 Bg6 24. Re1 Qf5 25. Qa3 a5 26. bxa5 Rxe1 27. Bxe1 Qf4 28. Bf2 bxa5 29. Qxa5 g4 30. hxg4 hxg4 31. fxg4 c5 32. Qc3 Qxg4 33. a4 Bf5 34. d5 Qh5 35. Qg3+ Bg4 36. a5 Kg7 37. a6 Rh8 38. Be3 f5 39. Bf4 Qh1+ 40. Kf2 Kg6 41. Bd3 1-0

[Event "Paris Barreau 3rd"]
[Site "Paris"]
[Date "2022.09.13"]
[Round "2"]
[White "Navrotescu, Andreea Cristiana"]
[Black "Duboue, Peio"]
[Result "0-1"]
[WhiteElo "2313"]
[BlackElo "2438"]
[PlyCount "80"]
[EventDate "2022.09.12"]
[EventType "tourn"]
[EventRounds "9"]
[EventCountry "FRA"]
[EventCategory "9"]
[SourceTitle "CBM 210 Extra"]
[Source "ChessBase"]
[SourceDate "2022.11.30"]
[SourceVersion "1"]
[SourceVersionDate "2022.11.30"]
[SourceQuality "1"]

1. d4 d5 2. c4 dxc4 3. e4 e5 4. Nf3 exd4 5. Bxc4 Nc6 6. 0-0 Be6 7. Bxe6 fxe6 8. Qb3 Qd7 9. Qxb7 Rb8 10. Qa6 Nge7 11. b3 Ng6 12. Bb2 Rb6 13. Qe2 Be7 14. Na3 0-0 15. Nc4 Rbb8 16. Rfd1 e5 17. Ne3 Kh8 18. Rac1 Bd6 19. Nf5 Nce7 20. Nxe7 Nf4 21. Qf1 Qxe7 22. Rc4 Qf6 23. Ne1 Qg6 24. f3 Qh5 25. Bc1 Ng6 26. Nd3 Nh4 27. Kh1 Rf6 28. Qe2 Rbf8 29. Rc2 g5 30. Nf2 Nxg2 31. Kxg2 g4 32. Nxg4 Rxf3 33. Qxf3 Rxf3 34. Kxf3 Qh3+ 35. Kf2 Qxg4 36. Rg1 Qxe4 37. Re2 Qh4+ 38. Kf3 Qh5+ 39. Kf2 d3 40. Re4 Bc5+ 0-1

[Event "FRA-ch Accession"]
[Site "Albi"]
[Date "2022.08.16"]
[Round "4"]
[White "Duboue, Peio"]
[Black "Decuigniere, Tom"]
[Result "1/2-1/2"]
[WhiteElo "2443"]
[BlackElo "2341"]
[PlyCount "104"]
[EventDate "2022.08.13"]
[EventType "swiss"]
[EventRounds "9"]
[EventCountry "FRA"]
[SourceTitle "CBM 210 Extra"]
[Source "ChessBase"]
[SourceDate "2022.11.30"]
[SourceVersion "1"]
[SourceVersionDate "2022.11.30"]
[SourceQuality "1"]

1. e4 c5 2. c3 d5 3. exd5 Qxd5 4. d4 Nc6 5. Nf3 g6 6. Be3 Bg7 7. dxc5 Qxd1+ 8. Kxd1 Nf6 9. Bc4 0-0 10. Nbd2 Rd8 11. Ke2 Na5 12. Bd3 Nd5 13. Nb3 Nc6 14. Rhd1 Bxc3 15. Be4 Bxb2 16. Rxd5 Bxa1 17. Rxd8+ Nxd8 18. Nxa1 Bd7 19. Ne5 Bb5+ 20. Kd2 f6 21. Nd3 Bc6 22. Bxc6 Nxc6 23. Kc3 Rd8 24. Nb3 Kf7 25. Nb4 Ke6 26. Nd4+ Nxd4 27. Bxd4 a5 28. Nc2 Kd5 29. Ne3+ Kc6 30. Kc4 e5 31. Bc3 h5 32. a4 Rd7 33. h3 Rd8 34. g3 Rd7 35. h4 Rd8 36. f4 exf4 37. gxf4 f5 38. Bxa5 Rd7 39. Nc2 Re7 40. Nd4+ Kd7 41. Nc2 Re3 42. Bb6 Rh3 43. Nd4 Rxh4 44. c6+ bxc6 45. a5 Kc8 46. a6 Rh2 47. Ne6 Rh3 48. Kb4 Rh2 49. Kb3 Rh3+ 50. Kb4 Rh2 51. Nc5 Rb2+ 52. Ka3 Rxb6 1/2-1/2

[Event "FRA-chT Top 16 Gp Basse"]
[Site "Chartres"]
[Date "2022.06.17"]
[Round "2.3"]
[White "Duboue, Peio"]
[Black "Sochacki, Christophe"]
[Result "1-0"]
[WhiteElo "2426"]
[BlackElo "2487"]
[PlyCount "169"]
[EventDate "2022.06.16"]
[EventType "team-tourn"]
[EventRounds "4"]
[EventCountry "FRA"]
[SourceTitle "CBM 208 Extra"]
[Source "ChessBase"]
[SourceDate "2022.07.31"]
[SourceVersion "1"]
[SourceVersionDate "2022.07.31"]
[SourceQuality "1"]
[WhiteTeam "Echiquier de l'Erdre"]
[BlackTeam "US Villejuif Echecs"]
[WhiteTeamCountry "FRA"]
[BlackTeamCountry "FRA"]

1. e4 c5 2. Nf3 d6 3. d4 cxd4 4. Nxd4 Nf6 5. Nc3 a6 6. Nb3 Nbd7 7. g4 h6 8. Bg2 g6 9. g5 hxg5 10. Bxg5 Bg7 11. Qe2 Ne5 12. 0-0-0 Bg4 13. f3 Bh5 14. Qf2 Rc8 15. f4 Bxd1 16. fxe5 Ng4 17. Qa7 Nxe5 18. Rxd1 Rxh2 19. Bf1 Qc7 20. Bf4 Rh5 21. Be2 Rh3 22. Bxe5 Bxe5 23. Bg4 Rxc3 24. bxc3 f5 25. Be2 Qxc3 26. Bd3 Bf4+ 27. Kb1 Be5 28. Kc1 Qb2+ 29. Kd2 Bf4+ 30. Ke1 Qh8 31. Qg1 Kd7 32. exf5 Rf8 33. Kf1 Qh5 34. Re1 Qf3+ 35. Qf2 Qxf2+ 36. Kxf2 gxf5 37. Rh1 e6 38. Rh7+ Kc6 39. Nd4+ Kd5 40. Ne2 Bg5 41. Rxb7 e5 42. Bxa6 f4 43. Bd3 Kc6 44. Rh7 d5 45. Ba6 Kc5 46. Bb7 e4 47. Nc3 f3 48. Nxd5 Kd4 49. Rd7 Bh4+ 50. Kf1 Rd8 51. Rxd8 Bxd8 52. Nf4 Ke5 53. Nh3 Kd4 54. a4 Bb6 55. Ng5 e3 56. Nxf3+ Kc3 57. Be4 Kb4 58. Ke2 Kxa4 59. Ne5 Kb4 60. Ng4 Kc3 61. Nxe3 Kd4 62. Bd3 Ba5 63. Nf5+ Kc3 64. Ke3 Bb6+ 65. Ke4 Bc5 66. Kd5 Bf8 67. Nd6 Bh6 68. Ne4+ Kb4 69. c4 Be3 70. c5 Bxc5 71. Nxc5 Kc3 72. Bc4 Kd2 73. Kd4 Kc2 74. Bb3+ Kb2 75. Kc4 Ka3 76. Ne6 Kb2 77. Kb4 Kc1 78. Kc3 Kb1 79. Nd4 Kc1 80. Nc2 Kd1 81. Bc4 Kc1 82. Ba2 Kd1 83. Nd4 Ke1 84. Bd5 Kf2 85. Nf5 1-0

[Event "FRA-chT Top 16 GpB"]
[Site "Chartres"]
[Date "2022.06.09"]
[Round "1.2"]
[White "Duboue, Peio"]
[Black "Kulaots, Kaido"]
[Result "1-0"]
[WhiteElo "2426"]
[BlackElo "2537"]
[PlyCount "127"]
[EventDate "2022.06.09"]
[EventType "team-tourn"]
[EventRounds "7"]
[EventCountry "FRA"]
[SourceTitle "CBM 208 Extra"]
[Source "ChessBase"]
[SourceDate "2022.07.31"]
[SourceVersion "1"]
[SourceVersionDate "2022.07.31"]
[SourceQuality "1"]
[WhiteTeam "Echiquier de l'Erdre"]
[BlackTeam "St Quentin"]
[WhiteTeamCountry "FRA"]
[BlackTeamCountry "FRA"]

1. e4 c5 2. c3 d5 3. exd5 Qxd5 4. d4 g6 5. Nf3 Bg7 6. Na3 cxd4 7. Bc4 Qd8 8. Qb3 e6 9. Nb5 Ne7 10. Bf4 0-0 11. Nc7 Nbc6 12. Nxa8 e5 13. Bg5 h6 14. Bxe7 Qxe7 15. Qa3 Qxa3 16. bxa3 dxc3 17. 0-0 e4 18. Ne1 Ne5 19. Be2 Bg4 20. Bxg4 Nxg4 21. h3 Ne5 22. Nc7 Rd8 23. Nc2 Rd2 24. Ne3 Nd3 25. Ncd5 Bd4 26. Rac1 Nxc1 27. Rxc1 Rxa2 28. Nxc3 Rxa3 29. Nxe4 Bxe3 30. fxe3 Rxe3 31. Nd6 Re6 32. Nxb7 Re7 33. Na5 Kg7 34. Rc8 h5 35. Kh2 h4 36. Nc6 Rb7 37. Ra8 Rb6 38. Ne5 Ra6 39. Rc8 Ra5 40. Nc6 Ra1 41. Ne5 Ra5 42. Nc4 Ra6 43. Nd2 Ra4 44. Rc7 g5 45. Nc4 a6 46. Nd6 Rf4 47. Ra7 Kg6 48. Rxa6 f6 49. Nb5 Rf1 50. Nc3 Kg7 51. Nd5 Kg6 52. Ne3 Rf4 53. Kg1 Kg7 54. Nd5 Rf5 55. Ra7+ Kf8 56. Ne3 Rf4 57. Ng4 Kg8 58. Nh6+ Kf8 59. Rb7 Ke8 60. Rf7 g4 61. hxg4 Rxg4 62. Nxg4 Kxf7 63. Kh2 Kg6 64. Kh3 1-0

[Event "Angers op 15th"]
[Site "Angers"]
[Date "2022.05.29"]
[Round "6"]
[White "Duboue, Peio"]
[Black "Lucas, Arthur"]
[Result "0-1"]
[WhiteElo "2426"]
[BlackElo "2327"]
[PlyCount "92"]
[EventDate "2022.05.27"]
[EventType "swiss"]
[EventRounds "6"]
[EventCountry "FRA"]
[SourceTitle "CBM 208 Extra"]
[Source "ChessBase"]
[SourceDate "2022.07.31"]
[SourceVersion "1"]
[SourceVersionDate "2022.07.31"]
[SourceQuality "1"]

1. e4 g6 2. d4 Bg7 3. Nf3 d6 4. Bc4 Nf6 5. Qe2 Nc6 6. e5 dxe5 7. dxe5 Ng4 8. e6 Bxe6 9. Bxe6 fxe6 10. 0-0 Qd6 11. c3 0-0-0 12. Nbd2 Nce5 13. h3 h5 14. Nxe5 Qxe5 15. Qxe5 Nxe5 16. Ne4 Nd3 17. Rb1 Nxc1 18. Rfxc1 Rd5 19. h4 Bf6 20. g3 g5 21. hxg5 Bxg5 22. Re1 h4 23. Kg2 hxg3 24. Nxg3 Rh6 25. Re2 Bf4 26. Rh1 Rg6 27. Rh3 Rd3 28. f3 Rd8 29. Kf2 Rdg8 30. Nf1 Rg2+ 31. Ke1 Rxe2+ 32. Kxe2 Rg2+ 33. Kd3 Rxb2 34. a4 Ra2 35. Rh4 e5 36. Ne3 Bxe3 37. Kxe3 Kd7 38. Kd3 Kd6 39. Rh6+ e6 40. Rh4 a5 41. Rg4 Rh2 42. Ke3 Rh7 43. Re4 Rf7 44. Rh4 Rf4 45. Rg4 Rxg4 46. fxg4 b5 0-1

[Event "Mont de Marsan op 18th"]
[Site "Mont de Marsan"]
[Date "2021.12.28"]
[Round "5"]
[White "Duboue, Peio"]
[Black "Bayo Milagro, Alvaro"]
[Result "1-0"]
[WhiteElo "2403"]
[BlackElo "2280"]
[PlyCount "99"]
[EventDate "2021.12.26"]
[EventType "swiss"]
[EventRounds "9"]
[EventCountry "FRA"]
[SourceTitle "EXT 2023"]
[Source "ChessBase"]
[SourceDate "2022.10.05"]
[SourceVersion "1"]
[SourceVersionDate "2022.10.05"]
[SourceQuality "1"]

1. f4 g6 2. Nf3 Bg7 3. g3 d5 4. Bg2 c5 5. 0-0 Nc6 6. d3 Nf6 7. c3 0-0 8. Qc2 d4 9. e4 e5 10. Nbd2 Be6 11. Ng5 Bg4 12. Nc4 h6 13. Nf3 Nd7 14. Nfxe5 Ndxe5 15. Nxe5 Nxe5 16. fxe5 Kh7 17. c4 Qe7 18. Bf4 g5 19. Bd2 Bxe5 20. Rf2 Kg6 21. Bf3 Bh3 22. Qd1 Qc7 23. Bh5+ Kg7 24. g4 Bg3 25. Rf3 Bxh2+ 26. Kh1 Bxg4 27. Bxg4 Be5 28. Rf5 f6 29. Bh5 b5 30. Rc1 Rfb8 31. b3 b4 32. Qg4 a5 33. Rcf1 Rf8 34. Bf4 Bxf4 35. R5xf4 Qe7 36. e5 Ra6 37. Qf5 gxf4 38. Qg6+ Kh8 39. Qxh6+ Qh7 40. Qxf8+ Qg8 41. Qh6+ Qh7 42. Qf8+ Qg8 43. Qxg8+ Kxg8 44. exf6 Rxf6 45. Bf3 a4 46. bxa4 Ra6 47. Bd1 Rf6 48. a5 Ra6 49. Rxf4 Rxa5 50. Bb3 1-0

[Event "Mont de Marsan op 18th"]
[Site "Mont de Marsan"]
[Date "2021.12.27"]
[Round "4"]
[White "Bournel, Antoine"]
[Black "Duboue, Peio"]
[Result "1/2-1/2"]
[WhiteElo "2312"]
[BlackElo "2403"]
[PlyCount "160"]
[EventDate "2021.12.26"]
[EventType "swiss"]
[EventRounds "9"]
[EventCountry "FRA"]
[SourceTitle "EXT 2023"]
[Source "ChessBase"]
[SourceDate "2022.10.05"]
[SourceVersion "1"]
[SourceVersionDate "2022.10.05"]
[SourceQuality "1"]

1. d4 d5 2. c4 dxc4 3. e3 Nf6 4. Bxc4 e6 5. Nf3 a6 6. 0-0 c5 7. Nbd2 Nc6 8. dxc5 Bxc5 9. a3 0-0 10. b4 Be7 11. Bb2 b5 12. Be2 Qb6 13. Qc2 Bb7 14. Ng5 e5 15. Rac1 h6 16. Nge4 Nxe4 17. Nxe4 Rac8 18. Nc5 Bxc5 19. bxc5 Qc7 20. Qf5 Rcd8 21. Bf3 Rfe8 22. Be4 g6 23. Qh3 h5 24. f4 exf4 25. Rxf4 Nd4 26. Bxd4 Rxd4 27. Bxb7 Rxf4 28. exf4 Qxb7 29. f5 Qc8 30. c6 Qxf5 31. Qxf5 gxf5 32. Kf2 Kf8 33. Kf3 a5 34. Kf4 b4 35. axb4 axb4 36. Kg5 b3 37. c7 Rc8 38. Kxh5 b2 39. Rb1 Rxc7 40. Rxb2 Kg7 41. Kg5 Rc5 42. Rd2 Ra5 43. Rf2 f6+ 44. Kh5 Ra8 45. Kh4 Kg6 46. Kg3 Kg5 47. Rf3 Ra4 48. Rb3 Rg4+ 49. Kf3 Rf4+ 50. Kg3 Rg4+ 51. Kf2 Rf4+ 52. Rf3 Ra4 53. Rg3+ Kf4 54. Rf3+ Kg5 55. h3 f4 56. Rb3 Ra5 57. Kf3 Rc5 58. Rd3 Kf5 59. Ra3 Rb5 60. Kf2 Rb2+ 61. Kf3 Rb5 62. Kf2 Rb2+ 63. Kg1 Rb1+ 64. Kh2 Rb5 65. Rf3 Kg5 66. Rd3 Ra5 67. Rd8 Kf5 68. Rh8 Ra2 69. Kg1 f3 70. g3 Rg2+ 71. Kf1 Rxg3 72. Kf2 Rg7 73. Kxf3 Ra7 74. Rh5+ Kg6 75. Rb5 Ra8 76. Kg3 Ra3+ 77. Kg4 Ra4+ 78. Kf3 f5 79. Rb8 Ra3+ 80. Kf4 Rxh3 1/2-1/2

[Event "Titled Tuesday intern op 17th Aug"]
[Site "Chess.com INT"]
[Date "2021.08.17"]
[Round "3"]
[White "Duboue, Peio"]
[Black "Maze, Sebastien"]
[Result "0-1"]
[WhiteElo "2395"]
[BlackElo "2546"]
[PlyCount "62"]
[EventDate "2021.08.17"]
[EventType "swiss (blitz)"]
[EventRounds "11"]
[EventCountry "USA"]
[SourceTitle "EXT 2022"]
[Source "ChessBase"]
[SourceDate "2021.10.06"]
[SourceVersion "1"]
[SourceVersionDate "2021.10.06"]
[SourceQuality "1"]

1. e4 c5 2. c3 d6 3. d4 Nf6 4. Bd3 Nc6 5. d5 Nb8 6. c4 g6 7. Nc3 Bg7 8. f4 e6 9. Nf3 exd5 10. cxd5 0-0 11. 0-0 Bg4 12. h3 Bxf3 13. Qxf3 Nbd7 14. Bd2 a6 15. Rae1 Re8 16. g4 b5 17. Qg3 c4 18. Bb1 Nc5 19. a3 Rb8 20. Qf3 Nfd7 21. Nd1 a5 22. Bc3 b4 23. Bxg7 Kxg7 24. Ne3 Qf6 25. Rf2 bxa3 26. bxa3 Rb3 27. Qg2 Qd4 28. Rd2 Nd3 29. Bxd3 Rxd3 30. Rxd3 cxd3 31. Qf2 Rxe4 0-1

[Event "Titled Tuesday intern op 17th Aug"]
[Site "Chess.com INT"]
[Date "2021.08.17"]
[Round "1"]
[White "Duboue, Peio"]
[Black "Preotu, Razvan"]
[Result "0-1"]
[WhiteElo "2395"]
[BlackElo "2487"]
[PlyCount "60"]
[EventDate "2021.08.17"]
[EventType "swiss (blitz)"]
[EventRounds "11"]
[EventCountry "USA"]
[SourceTitle "EXT 2022"]
[Source "ChessBase"]
[SourceDate "2021.10.06"]
[SourceVersion "1"]
[SourceVersionDate "2021.10.06"]
[SourceQuality "1"]

1. e4 c5 2. c3 Nf6 3. e5 Nd5 4. d4 cxd4 5. Nf3 Nc6 6. cxd4 d6 7. Bc4 Nb6 8. Bb5 dxe5 9. Nxe5 Bd7 10. Nxd7 Qxd7 11. 0-0 e6 12. Nc3 a6 13. Bxc6 Qxc6 14. Re1 Bb4 15. Qg4 Kf8 16. Bd2 Nc4 17. Bc1 h5 18. Qg5 h4 19. h3 f6 20. Qg4 Kf7 21. Rd1 Bxc3 22. bxc3 Qd5 23. Bf4 b5 24. Rdb1 g5 25. Bh2 Nd2 26. Rb2 Ne4 27. c4 bxc4 28. Rab1 c3 29. Rb7+ Kg6 30. Rc7 Rhc8 0-1

[Event "Titled Tuesday intern op 17th Aug"]
[Site "Chess.com INT"]
[Date "2021.08.17"]
[Round "4"]
[White "Quirke, Jeffrey"]
[Black "Duboue, Peio"]
[Result "0-1"]
[WhiteElo "2118"]
[BlackElo "2395"]
[PlyCount "48"]
[EventDate "2021.08.17"]
[EventType "swiss (blitz)"]
[EventRounds "11"]
[EventCountry "USA"]
[SourceTitle "EXT 2022"]
[Source "ChessBase"]
[SourceDate "2021.10.06"]
[SourceVersion "1"]
[SourceVersionDate "2021.10.06"]
[SourceQuality "1"]

1. d4 Nf6 2. c4 e6 3. Nc3 Bb4 4. Qc2 0-0 5. e4 d5 6. e5 Ne4 7. Bd3 f5 8. exf6 Nxf6 9. Nf3 c5 10. a3 Bxc3+ 11. bxc3 cxd4 12. cxd4 Nc6 13. 0-0 Kh8 14. Bg5 h6 15. Bh4 dxc4 16. Bxc4 Nxd4 17. Nxd4 Qxd4 18. Bg3 Bd7 19. Rad1 Qb6 20. Be5 Rac8 21. Bxf6 Rxf6 22. Rxd7 Qc6 23. Rfd1 Qb6 24. Bd3 Rxc2 0-1

[Event "FRA-chT Top 12"]
[Site "Chalons en Champagne"]
[Date "2021.06.30"]
[Round "7.1"]
[White "Kasimdzhanov, Rustam"]
[Black "Duboue, Peio"]
[Result "1-0"]
[WhiteElo "2662"]
[BlackElo "2412"]
[PlyCount "121"]
[EventDate "2021.06.24"]
[EventType "team-tourn"]
[EventRounds "11"]
[EventCountry "FRA"]
[SourceTitle "CBM 203 Extra"]
[Source "ChessBase"]
[SourceDate "2021.09.30"]
[SourceVersion "1"]
[SourceVersionDate "2021.09.30"]
[SourceQuality "1"]
[WhiteTeam "Vandoeuvre"]
[BlackTeam "Echiquier de l'Erdre"]
[WhiteTeamCountry "FRA"]
[BlackTeamCountry "FRA"]

1. Nf3 d5 2. g3 g6 3. c4 dxc4 4. Na3 Bg7 5. Nxc4 Nc6 6. d3 e5 7. Bd2 a5 8. Bg2 Nge7 9. Qc1 Nf5 10. 0-0 0-0 11. Re1 a4 12. Rb1 Re8 13. h4 Ncd4 14. Nxd4 Nxd4 15. Bg5 Qd7 16. Nd2 h6 17. Be3 Nf5 18. Bc5 Nd4 19. Bxd4 exd4 20. Qc2 Qe7 21. b3 axb3 22. Rxb3 c6 23. a4 Be6 24. Rb6 Ra7 25. Reb1 Bg4 26. Bf3 Bxf3 27. exf3 Qe2 28. Kg2 Re3 29. R6b2 Rxd3 30. Qc4 b5 31. axb5 cxb5 32. Qxb5 Re7 33. Qb8+ Kh7 34. Qd8 Re8 35. Qa5 Rc3 36. Qd5 Qe6 37. Qxe6 Rxe6 38. Rb7 Kg8 39. Rd7 Rc8 40. Rbb7 Rf8 41. Rd5 Ree8 42. Rbd7 Re2 43. Ne4 f5 44. Nc5 Rf7 45. Rxf7 Kxf7 46. h5 Re5 47. Rd7+ Kf8 48. Nd3 Re7 49. Rd5 Kf7 50. Nf4 gxh5 51. Rxf5+ Ke8 52. Rxh5 Rd7 53. Nd3 Ke7 54. f4 Kd6 55. Kf3 Ra7 56. Ke4 Ra2 57. Rd5+ Ke7 58. Kf5 Rd2 59. Nc5 Ke8 60. Kg6 Bf8 61. Ne4 1-0

[Event "FRA-chT Top 12"]
[Site "Chalons en Champagne"]
[Date "2021.06.27"]
[Round "4.6"]
[White "Duboue, Peio"]
[Black "Bluebaum, Matthias"]
[Result "0-1"]
[WhiteElo "2412"]
[BlackElo "2669"]
[PlyCount "111"]
[EventDate "2021.06.24"]
[EventType "team-tourn"]
[EventRounds "11"]
[EventCountry "FRA"]
[SourceTitle "CBM 203 Extra"]
[Source "ChessBase"]
[SourceDate "2021.09.30"]
[SourceVersion "1"]
[SourceVersionDate "2021.09.30"]
[SourceQuality "1"]
[WhiteTeam "Echiquier de l'Erdre"]
[BlackTeam "Mulhouse Philidor"]
[WhiteTeamCountry "FRA"]
[BlackTeamCountry "FRA"]

1. e4 c6 2. d4 d5 3. Nd2 dxe4 4. Nxe4 Nf6 5. Nxf6+ exf6 6. c3 Bd6 7. Bd3 0-0 8. Qc2 Re8+ 9. Ne2 h5 10. 0-0 h4 11. h3 Nd7 12. Be3 Nf8 13. Rad1 Bd7 14. c4 Rc8 15. Qd2 Bb8 16. Bf4 Ne6 17. Bxb8 Rxb8 18. Nc3 Nxd4 19. Bh7+ Kxh7 20. Qxd4 Re7 21. Qxa7 b6 22. Qa3 g6 23. Rd4 Kg7 24. Rxh4 Bf5 25. Rf4 Rbb7 26. b3 Rbd7 27. Qc1 Rd2 28. Nd5 Ree2 29. Ne3 Bc8 30. c5 Qe7 31. Rd1 Qxe3 32. fxe3 Rxg2+ 33. Kf1 Ba6+ 34. Rc4 Rdf2+ 35. Ke1 Rxa2 36. Kf1 Rh2 37. Kg1 Rag2+ 38. Kf1 Rc2 39. Qxc2 Rxc2 40. cxb6 Rb2 41. Kg1 Bxc4 42. bxc4 Rxb6 43. Rd6 Rb2 44. Kf1 c5 45. Rd5 Rh2 46. Rxc5 Rxh3 47. Ke2 f5 48. Rc8 Kf6 49. Re8 f4 50. exf4 Kf5 51. Rf8 f6 52. Kd2 Rf3 53. c5 Rxf4 54. c6 Rc4 55. Rc8 g5 56. Kd3 0-1

[Event "Chartres 2nd"]
[Site "Chartres"]
[Date "2021.05.20"]
[Round "7"]
[White "Duboue, Peio"]
[Black "Dgebuadze, Alexandre"]
[Result "0-1"]
[WhiteElo "2431"]
[BlackElo "2490"]
[PlyCount "120"]
[EventDate "2021.05.17"]
[EventType "tourn"]
[EventRounds "9"]
[EventCountry "FRA"]
[EventCategory "8"]
[SourceTitle "CBM 202 Extra"]
[Source "ChessBase"]
[SourceDate "2021.07.31"]
[SourceVersion "1"]
[SourceVersionDate "2021.07.31"]
[SourceQuality "1"]

1. e4 c5 2. c3 d6 3. d4 Nf6 4. Bd3 Nc6 5. d5 Ne5 6. Bc2 g6 7. f4 Ned7 8. Nf3 Qc7 9. a4 Bg7 10. Na3 0-0 11. 0-0 a6 12. Kh1 Rb8 13. c4 Re8 14. Ng5 h6 15. Nf3 e5 16. dxe6 Rxe6 17. f5 Re7 18. fxg6 fxg6 19. e5 dxe5 20. Bxg6 Nf8 21. Nh4 Nxg6 22. Nxg6 Rf7 23. Nxe5 Bg4 24. Qe1 Re8 25. Bf4 Rfe7 26. Nxg4 Qxf4 27. Qxe7 Qxf1+ 28. Rxf1 Rxe7 29. Nxf6+ Bxf6 30. Nc2 Bxb2 31. Re1 Rd7 32. g4 Rd2 33. Ne3 Bf6 34. Nf5 Rc2 35. Re6 Bg5 36. h4 Bc1 37. Re8+ Kf7 38. Rb8 Kf6 39. Rxb7 Rxc4 40. Rb6+ Ke5 41. Nxh6 Bxh6 42. Rxh6 Rxg4 43. Rxa6 c4 44. Kh2 Kd5 45. Ra8 c3 46. Rd8+ Ke4 47. Kh3 Rg1 48. Rc8 Kd3 49. Kh2 Rg4 50. Kh3 Rc4 51. Rd8+ Rd4 52. Rc8 c2 53. Rxc2 Kxc2 54. a5 Kd3 55. a6 Ra4 56. h5 Ke4 57. Kg4 Ke5+ 58. Kg5 Ke6 59. Kg6 Rg4+ 60. Kh7 Kf7 0-1

[Event "Chartres 2nd"]
[Site "Chartres"]
[Date "2021.05.17"]
[Round "2"]
[White "Loiseau, Quentin"]
[Black "Duboue, Peio"]
[Result "1-0"]
[WhiteElo "2455"]
[BlackElo "2431"]
[PlyCount "73"]
[EventDate "2021.05.17"]
[EventType "tourn"]
[EventRounds "9"]
[EventCountry "FRA"]
[EventCategory "8"]
[SourceTitle "CBM 202 Extra"]
[Source "ChessBase"]
[SourceDate "2021.07.31"]
[SourceVersion "1"]
[SourceVersionDate "2021.07.31"]
[SourceQuality "1"]

1. e4 e5 2. Nf3 Nc6 3. Bb5 g6 4. c3 a6 5. Ba4 Bg7 6. d4 exd4 7. cxd4 b5 8. Bc2 d6 9. d5 Na5 10. Bd2 Bxb2 11. Bxa5 Bxa1 12. Nc3 Bb2 13. Qd2 Ne7 14. Bb3 Ba3 15. Nb1 Bc5 16. Bc3 f6 17. Bxf6 Rf8 18. Qb2 Qd7 19. 0-0 Ng8 20. Bh4 Rxf3 21. gxf3 Qf7 22. Nd2 g5 23. Bg3 h5 24. Rc1 h4 25. Be5 g4 26. Rxc5 dxc5 27. f4 c4 28. Bd1 Ra7 29. Nxc4 Rb7 30. Ne3 Rb6 31. Qc3 Kd8 32. Bb3 Qh7 33. f5 Nh6 34. Qc5 Qe7 35. Qxe7+ Kxe7 36. Bxc7 Rb7 37. Bf4 1-0